01823agaaa2200301 45000010005000000030009000050050017000140070009000310080040000400400023000800410013001031000047001161300026001632450194001892500022003832600116004053000035005215080209005565110092007655200329008575380009011865460013011956500066012087000061012747000062013357000059013977000065014560932IT-RoPAU20220918181228.0d cvaizq50131s9999||||xx ||| | || ||und|| aIT-RoPAUcIT-RoPAU aITALIANO aPonzi MauriziogCodice regista SPICS: 2416 aIO, CHIARA E LO SCURO aIO, CHIARA E LO SCUROcSceneggiatura: Ferrini Franco Oldoini Enrico Nuti Francesco Ponzi Maurizio -- Diretto da: Ponzi MauriziopIO, CHIARA E LO SCURO (Rif. Codice opera principale : V0932) aEdizione Standard a(ITALIA)bMERA INTERNATIONAL FILM / Distribuzione: SPF FIRENZEg"1982 (1° ed.: 1993 ; Ed. Lingua Orig.: 1982)" a16MMbsonoro, col.c103 minuti a"Fotografia: Cerchio Carlo; Montaggio: Montanari Sergio; Musica: Cordio Carlo Maria; Sceneggiatura: Ferrini Franco Oldoini Enrico Nuti Francesco Ponzi Maurizio; Soggetto: Nuti Francesco -- Ponzi Maurizio" a"Nuti Francesco; De; Sio Giuliana; Lotti Marcello; Cecchetto Renato; Petrocelli Antoni" aFRANCESCO PORTIERE D'ALBERGO E' UN ABILE GIOCATORE DI BILIARDO CHE SI METTE NEI GUAI QUANDO E' COSTRETTO A RUBARE DEI SOLDI DALLA CASSETTA DI SICUREZZA DEL SUO ALBERGO. PER SUA FORTUNA ENTRA NELLA SUA VITA CHIARA, UNA BELLA SASSOFONISTA, CHE LO AIUTERA' A RESTITUIRE IL DENARO RUBATO. FILM A COLORI.PELLICOLA IN BUONO STATO. aMONO aITALIANO aCOMMEDIAePELLICOLE CINEMA [16MM]xCodice MATERIA SPICS: 9955 aCordio Carlo Mariae(musica)gCodice Musica SPICS: 38684 aNuti Francesco e(soggetto)gCodice Soggetto SPICS: 23296 aPonzi Maurizio e(regista)gCodice regista SPICS: 2416 aPonzi Maurizio e(soggetto)gCodice Soggetto 2° SPICS: 2416